Responses for Show #3720 - Friday, November 3, 2000

Brad Rutter game 5.

Contestants

[<< previous game]

Laurence Levy, a sweater manufacturer from Queens, New York

Jim Holton, a history professor from Lakeland, Florida

Brad Rutter, a college student from Lancaster, Pennsylvania (whose 4-day cash winnings total $50,002)

[next game >>]

Jeopardy! Round responses

CONTINENTAL CONGRESS PRESIDENTS
SANDWICHES
LITERALLY
SPORTS
MEASURE TWICE
"CUT" ONCE
    $100 2
Philadelphia

Brad
    $100 8
(Alex: [*], hence Arby.)

roast beef

Brad
    $100 21
William Shakespeare

Jim
    $100 1
Johnny Weissmuller

Jim
    $100 26
Acres

Brad
    $100 9
Cutlery

Brad
    $200 6
the Declaration of Independence

Brad
    $200 17
Ham

Brad
    $200 22
"Guinness Book of World Records"

Brad
    $200 3
Umpire

Brad
    $200 27
(Jim: What is a kilowatt?)

Megawatt

BradJim
    $200 10
Cut-Up

Brad
    $300 14
(Aaron) Burr

Jim
    $300 18
Hoagie

Brad
    $300 23
Love

Laurence
    $300 4
Emmitt Smith

Brad
    $300 28
Peck

Brad
    $300 11
Cutlet

Brad
    $1,300 15
(Jim: Who was Hanson?)

John Hancock

Jim
    $400 19
Mayonnaise

Brad
    $400 24
Tom Clancy

Jim
    $400 5
Shot Put

Jim
    $400 29
Gauge

Brad
    $400 12
Cutthroat

Laurence
    $500 16
Articles of Confederation

Brad
    $500 20
Panini

Laurence
    $500 25
Thornton Wilder

Brad
    $500 7
Steve Cauthen

Laurence
    $500 30
Grams

Brad
    $500 13
Cutter

Jim

Scores at the first commercial break (after clue 15):

Brad Jim Laurence
$1,500 $0 $900

Scores at the end of the Jeopardy! Round:

Brad Jim Laurence
$5,100 $300 $1,700

Double Jeopardy! Round responses

SAILING
TROPICAL ISLANDS
CHEF SALAD
EGYPTIAN FILM FESTIVAL
FILL IN THE BIBLICAL ____
AMERICAN HERITAGE PREFERRED PLURALS
    $200 1
a jib

Brad
    $200 26
a volcano

Brad
    $200 3
"The French Chef"

Brad
    $200 11
The Ten Commandments

Brad
    $200 13
want

Jim
    $200 21
moose

Brad
    $400 2
(Jim: What's a rudder?)
(Laurence: What's a centerboard?)

a tiller

JimLaurence
Triple Stumper
    $400 27
orangutans

Triple Stumper
    $400 4
New Orleans

Jim
    $400 12
Elizabeth Taylor

Jim
    $400 14
mouths

Brad
    $400 22
mothers-in-law

Brad
    $600 5
(Brad: What's a crease?)

a cleat

BradJim
    $600 28
(Jim: What is Madagascar?)

Zanzibar

BradJim
    $600 8
Paul Newman

Brad
    $600 15
(Laurence: Who was Lon Chaney?)

Boris Karloff

JimLaurence
    $600 16
Satan

Brad
    $600 23
(Brad: What is mongoose?)
(Laurence: What is mongeese?)

mongooses

BradLaurence
Triple Stumper
    $800 6
a shroud

Triple Stumper
    $2,000 29
(Alex: Brad, you can read the score; you can see that you have an enormous lead. If you want to take us for a lot of dough, might be your last chance.)

the Leeward Islands

Brad
    $1,000 9
Two Fat Ladies

Brad
    $800 17
the Lost Ark (of the Covenant)

Brad
    $800 19
ghost

Triple Stumper
    $800 24
phyla

Brad
    $1000 7
the gunwale

Brad
    $1000 30
the Indian Ocean

Laurence
    $1000 10
Iron Chef

Brad
    $1000 18
Peter Ustinov

Jim
    $1000 20
labor

Triple Stumper
    $1000 25
(Brad: What is genii?)

genera

Brad
Triple Stumper

Scores at the end of the Double Jeopardy! Round:

Brad Jim Laurence
$13,100 $2,500 $1,100
(lock game)

[wagering suggestions for these scores]

Final Jeopardy! Round responses

RICH & FAMOUS
(Alex: Brad also takes home a pair of 2000 Chevy twin Camaros.)
LaurenceWho is Ross Perot?
$999
JimWho is George Lucas?
$100
BradWho is Buffett? Thanks Miss Clouser
$8,000
Ted Turner

Final scores:

Brad Jim Laurence
$5,100 $2,400 $101
5-day champion: $55,102 2nd place 3rd place

Game dynamics:

Coryat scores:

Brad Jim Laurence
$11,700 $3,800 $1,100
35 R
(including 2 DDs),
3 W
12 R,
4 W
(including 1 DD)
5 R,
3 W

Combined Coryat: $16,600

[game clues] [game scores] [suggest correction]

Game tape date: 2000-09-27
The J! Archive is created by fans, for fans. Scraping, republication, monetization, and malicious use prohibited; this site may use cookies and collect identifying information. See terms. The Jeopardy! game show and all elements thereof, including but not limited to copyright and trademark thereto, are the property of Jeopardy Productions, Inc. and are protected under law. This website is not affiliated with, sponsored by, or operated by Jeopardy Productions, Inc. Join the discussion at JBoard.tv.